000 00356 a2200169 4500
001 47714
020 _a9788596009690
040 _cAnchieta - Aquarius
100 _aMuniz, Flávia
240 1 0 _aCharles Chaplin
_lpor
245 1 0 _aCharles Chaplin
300 _a56
362 0 _a2017
440 1 _aFTD
650 4 _aLiteratura brasileira
942 _cBK
999 _c47714
_d47714